00561nam a2200157Ia 450000500170000000800410001702000230005804100080008108200190008910000180010824500750012626000640020130000210026550400100028665001070029620250521103546.0250516s9999 xx 000 0 und d a9780226691428qpbk aeng a323.092bWEL;1 aWells, Ida B. 0aCrusade For Justice: The Autobiography Of Ida B. Wells, Second Edition bUniversity of Chicago Pressc2020aUnited States of America a385 pagesc21 cm aindex a African American women, African American women Biography, African American women civil rights workers